South Eastern Kenya University

Library Online Public Access Catalogue


Forensic anthropology : (Record no. 14210)

MARC details
000 -LEADER
fixed length control field 00466cam a2200145 a 4500
020 ## - INTERNATIONAL STANDARD BOOK NUMBER
International Standard Book Number 0816047316 (hardcover : acidfree paper)
050 00 - LIBRARY OF CONGRESS CALL NUMBER
Classification number GN69.8
Item number .T48 2003
100 1# - MAIN ENTRY--PERSONAL NAME
Personal name Thomas, Peggy,
Dates associated with a name 1960-
245 10 - TITLE STATEMENT
Title Forensic anthropology :
Remainder of title the growing science of talking bones /
Statement of responsibility, etc. Peggy Thomas.
260 ## - PUBLICATION, DISTRIBUTION, ETC. (IMPRINT)
Place of publication, distribution, etc. New York :
Name of publisher, distributor, etc. Facts on File,
Date of publication, distribution, etc. c2003.
300 ## - PHYSICAL DESCRIPTION
Extent xiv, 210 p. :
500 ## - GENERAL NOTE
General note Rev. ed. of: Talking bones. c1995.
700 1# - ADDED ENTRY--PERSONAL NAME
Personal name Thomas, Peggy,
942 ## - ADDED ENTRY ELEMENTS (KOHA)
Source of classification or shelving scheme Library of Congress Classification
Koha item type General circulation
Holdings
Withdrawn status Lost status Source of classification or shelving scheme Damaged status Not for loan Home library Current library Shelving location Date acquired Source of acquisition Total Checkouts Full call number Barcode Date last seen Date last checked out Price effective from Koha item type
    Library of Congress Classification     Main Campus Library Main Campus Library General Stacks 19/05/2016 Donations- Books for Africa 1 GN 69.8 .T43 2016/018080 06/04/2019 24/03/2019 19/05/2016 General circulation
Kitui, Kenya.
+254736116989
library@seku.ac.ke